000
00327nam a22001457a 4500
005
20160616112015.0
008
160616b xxu||||| |||| 00| 0 eng d
041
_a
eng
082
_b
7934
100
_a
Shejwal Kar, P.C. Dr.
_9
2071
245
_a
Cases in Management
260
_b
EPH
650
_a
Management
_9
241
942
_c
BK
999
_c
2903
_d
2902